| 000 | 00410nam a22001697a 4500 | ||
|---|---|---|---|
| 003 | MPLRDC | ||
| 005 | 20220104113559.0 | ||
| 008 | 210129b ||||| |||| 00| 0 eng d | ||
| 082 | _a528.972 CYL v.2 | ||
| 100 | _a陈炎林 | ||
| 245 |
_a太极拳刀剑杆敲手合编 (下) _c |
||
| 250 | _a再版 | ||
| 260 |
_a中国 _b陈炎林 _c1949 |
||
| 300 | _b平 | ||
| 650 | _a太极拳 | ||
| 942 |
_cBK _o528.972 CYL v.2 |
||
| 999 |
_c754 _d744 |
||